Online nábor: trendem posledních týdnů je Instagram

Najvýznamnejčia sociálna sieť v Česku je Facebook, ale v poslednej dobe možno pozorovať rýchly nástup Instagramu. Prečo používať sociálne siete pre nábor pracovníkov.

Na minha lista:
Detalhes bibliográficos
Formato: Capítulo de Livro
Idioma:tcheco
Assuntos:
Tags: Adicionar Tag
Sem tags, seja o primeiro a adicionar uma tag!

MARC

LEADER 00000naa a2200000 4500
001 0236443
005 20171011125717.0
041 0 |a cze 
044 |a CZ 
245 1 0 |a Online nábor: trendem posledních týdnů je Instagram 
520 |a Najvýznamnejčia sociálna sieť v Česku je Facebook, ale v poslednej dobe možno pozorovať rýchly nástup Instagramu. Prečo používať sociálne siete pre nábor pracovníkov. 
610 2 0 |a siete sociálne 
610 2 0 |a nábor pracovníkov 
610 2 0 |a Česko